Music Quiz

Random Music or Classical Quiz

Music Notation: Scores (Advanced) Quiz Stats

 Plays Quiz Updated Mar 7, 2019

Score 0/15 Timer 04:00
1 Play Today
% Correct
Time signatures
88.5%
Bass clef
85.6%
Sharp
85.5%
Dotted minim (dotted half note)
83.6%
Crescendo
82.6%
Key signatures
79.3%
Semibreve (whole note)
78.8%
Natural
73.1%
% Correct
Slur
71.7%
Double sharp
70.7%
Demisemiquavers (thirty-second notes)
62.7%
Minim rest (half rest)
61.8%
Semiquaver rest (sixteenth rest)
47.6%
Tenor clef
45.9%
Ledger Line
35.1%

You're not logged in!

Compare scores with friends on all Sporcle quizzes.
OR
Log In

Show Comments

Extras

Top Quizzes Today


Score Distribution

Your Account Isn't Verified!

In order to create a playlist on Sporcle, you need to verify the email address you used during registration. Go to your Sporcle Settings to finish the process.

Report this User

Report this user for behavior that violates our Community Guidelines.

Details: